| 000 | 00550nam a2200205Ia 4500 | ||
|---|---|---|---|
| 005 | 20260429112129.0 | ||
| 008 | 260429s9999||||xx |||||||||||||| ||und|| | ||
| 020 | _a9783031778667 | ||
| 041 | _aEnglish | ||
| 082 |
_a910.4 _bMUS |
||
| 100 | _aMustafa, Firuza Begham | ||
| 245 | 0 |
_aMethodological approaches in integrated geography / _cFiruza Begham Mustafa |
|
| 250 | _a1st ed. | ||
| 260 |
_aSwitzerland : _bSpringer, _c2025. |
||
| 300 | _ax, 158 p.; hb | ||
| 650 | _a Approaches | ||
| 650 | _a Methods | ||
| 650 | _aGeography | ||
| 942 | _cTB | ||
| 999 |
_c52507 _d52507 |
||